| 000 | 01444nam a2200253Ia 4500 | ||
|---|---|---|---|
| 003 | Ost | ||
| 005 | 20260507075057.0 | ||
| 008 | 260507s9999||||xx |||||||||||||| ||und|| | ||
| 020 | _a995733011 | ||
| 040 | _cfsecg | ||
| 041 | _aara | ||
| 082 | _a658.56 | ||
| 100 |
_aالطائي، حميد عبد النبي _eمؤلف |
||
| 245 | 0 |
_aإدارة الجودة الشاملة TQM والأيزو ISO / _c حميد عبد النبي الطائي |
|
| 260 |
_aعمان: _bمؤسسة الوراق, _c2003 |
||
| 300 |
_a297 صفحة؛ _bإيضاحات ؛ _c25 سم |
||
| 504 | _aبيبليوغرافيا ص.295 | ||
| 520 | _aإدارة الجودة الشاملة،المفهوم والتطور التاريخي،إدارة الجودة الشاملة النظام-الايزو ISO،الايزو المفهوم والأهمية والخطوات الأساسية للحصول عليها،المواصفة الدولية والنموذج المقترح،المواصفة الدولية ISO9000 الاصدار الثالث 2000،النموذج المقترح ودليل الجودة للشركة | ||
| 653 | _aالجودة الشاملة | ||
| 653 | _aالمنظمة الدولية للتقييس | ||
| 653 | _aضبط الجودة | ||
| 700 |
_aصاحب آل علي، رضا _eمؤلف ثانوي |
||
| 942 | _cكتاب | ||
| 999 |
_c42745 _d42745 |
||